00680nam a2200193 a 450000100100000000500170001000800410002704000250006804100390009308200130013210000280014524000350017324501190020825000110032726000390033830000210037753400570039870000310045500002586020200930024115.0110223s1971 sp r 000 0 spa d aDO-SdBNPbspacBNPHU17aspahfre2Código de idiomas MARC ann*bnn*1 aRevel, Jean-François.10aNi Marx ni Jésus.lEspañol10aU.S.A :bnueva revolución ("ni Marx ni Jésus") /cJean-François Revel ; traducción de Ramón Hernández. a2a ed. aBarcelona :bplaza & Janes,c1971. a261 p. ;c22 cm. aTítulo original en francés :tNi Marx ni Jésus1 aHernández, Ramón,etr.